| 000 | 00601cam a22001931 4500 | ||
|---|---|---|---|
| 001 | 45508 | ||
| 090 | _a45508 | ||
| 100 | _a19931213d1943 km y0pory5003 ba | ||
| 101 | 0 | _apor | |
| 102 | _aPT | ||
| 200 | 1 |
_aQuadro económico do mundo _fAmaro Guerreiro |
|
| 210 | 9 |
_aLisboa _cedições Cosmos, _dimp. 1943 |
|
| 215 |
_a2 v. _cil. _d19 cm |
||
| 225 | 2 |
_aBiblioteca Cosmos _v52, 123. _h7.ª seccão, _iProblemas do nosso tempo. Sociais _v8, 19 |
|
| 327 | 0 |
_a1<U+00BA> v.: 148 p. _a2<U+00BA> v.: 158, [2] p. |
|
| 675 |
_a338.1(100)"19" _vBN _zpor |
||
| 700 | 1 |
_aGuerreiro, _bAmaro Duarte |
|
| 801 | 0 |
_aPT _bBN _gRPC |
|
| 990 | _cLIVROS | ||